000 00319nam a2200133Ia 4500
008 230917s9999||||xx |||||||||||||| ||und||
040 _e92399
_aMAIN
041 _aEnglish
082 _a615.842 M698U
100 _aMittal, Nidhi
245 0 _aUltrasonography of the rotator cuff tears
300 _a59 p.
942 _cTH
999 _c74029
_d74029